Statistics for Skateboard Flip Trick Names

Click here to take the quiz!

General Stats

  • This quiz has been taken 482 times
  • The average score is 8 of 13

Answer Stats

DescriptionAnswer% Correct
Backside 360 Shove it + Kickflip360 Flip
89%
Backside 180 Shove it + KickflipVarial Kickflip
78%
Board flips 360 degrees counter clockwise when viewed from behindKickflip
74%
Board flips 360 degrees clockwise when viewed from behindHeelflip
70%
Frontside 180 Shove it + KickflipHardflip
68%
Frontside 180 Shove it + HeelflipVarial Heelflip
67%
Frontside 360 Shove it + HeelflipLaserflip
60%
Backside 180 Shove it + HeelflipInward Heelflip
57%
Board flips 720 degrees counter clockwise when viewed from behindDouble Kickflip
49%
Board flips 720 degrees clockwise when viewed from behindDouble Heelflip
45%
Frontside 360 Shove it + Kickflip360 Hardflip
43%
Backside 360 SHove it + Heelflip360 Inward Heelflip
42%
Frontside 180 Shove it + 720 KickflipNightmare Flip
28%

Score Distribution

Percentile by Number Answered

Percent of People with Each Score

Your Score History

You have not taken this quiz